A history of greek philosophy
Đã lưu trong:
| Tác giả chính: | |
|---|---|
| Định dạng: | Sách |
| Ngôn ngữ: | Tiếng Anh |
| Được phát hành: |
Londres
Cambridge University
1965
|
| Những chủ đề: | |
| Các nhãn: |
Thêm thẻ
Không có thẻ, Là người đầu tiên thẻ bản ghi này!
|
MARC
| LEADER | 00000nam a2200000 a 4500 | ||
|---|---|---|---|
| 001 | UCZ4007 | ||
| 003 | CL-VaPUC | ||
| 008 | 951027e19650000UK |||||||||||||||||eng|d | ||
| 082 | 0 | 4 | |a 182 |b GUT |2 21 |
| 100 | |a Guthrie, William K. C |e author |9 579049 | ||
| 245 | 1 | 2 | |a A history of greek philosophy |
| 300 | |a v | ||
| 942 | |c BK | ||
| 945 | |d 19951027 00:00:00 |a lriquelm | ||
| 260 | |a Londres |b Cambridge University |c 1965 | ||
| 500 | |a v.2: The presocratic tradition from Parmenides to Democritus | ||
| 650 | 0 | |a Filosofía griega |9 265579 | |
| 650 | 0 | |a Historia |9 255047 | |
| 650 | 0 | |a Filosofía antigua |9 255705 | |
| 650 | 0 | |a Presocráticos |9 325852 | |
| 650 | 0 | |a Escuelas filosóficas |9 266232 | |
| 583 | |a last modification |c 19951027 00:00:00 |k Rodrigo Vera | ||
| 999 | |c 240446 |d 240444 | ||
| 952 | |0 0 |1 0 |4 0 |6 182_000000000000000_GUT_1965 |7 0 |8 P |9 252314 |a BIBEDU |b BIBEDU |c BIBEDU_PB |d 2019-11-18 |h v.2 |i 1593625 |o 182 GUT 1965 |p 1593625 |r 2024-01-25 |w 2019-11-18 |y BK |k FIL | ||